Statistiques concernant Les plus grandes villes de Chine • A á Z

Cliquez ici pour prendre le quiz!

Statistiques générales

  • Ce quiz a été pris 68 fois
  • Le résultat moyen est 10 sur 22

Statistiques - réponses

PopulationVille chinois% Correct
P22,518,763Pékin
100%
S24,532,678Shanghai
96%
X8,639,570Xi'an
85%
T15,553,128Tianjin
73%
W10,670,127Wuhan
73%
G19,800,654Guangzhou
69%
C15,384,269Chongqing
60%
H12,036,105Harbin
60%
Q6,188,111Qingdao
56%
U3,029,372Urumqi
52%
N8,216,546Nanjing
50%
Z4,253,627Zhengzhou
38%
K3,583,583Kunming
33%
J7,067,941Jinan
29%
D8,220,765Dongguan
23%
F7,197,394Foshan
19%
A~2,520,000Anshan
13%
Y2,399,739Yangzhou
10%
B2,070,801Baotou
8%
R~1,150,000Rizhao
4%
L2,603,234Linyi
2%
M~1,360,000Mianyang
2%

Distribution des résultats

Percentile par nombre de réponses

% des personnes avec chaque résultat

Votre développement - résultats

Vous n’avez pas pris ce quiz